Sermones del Ilustrisimo Señor D. Fr. Francisco Armañá obispo que fuè de Lugo actual arzobispo de Tarragona

Detalles Bibliográficos
Autor principal: Armaña, Francisco, arz
Formato: Libro
Lenguaje:Undetermined
Spanish
Publicado: Tarragona : en la imprenta de Pedro Canals, 1796.
Materias:
Colección:Banco de datos
Acervo:Biblioteca Palafoxiana. Colección bibliográfica
Descripción Física:2 t. ; 4°
Tema general:Homilética
Notas:Sello en tinta: Biblioteca de la Universidad Católica Angelopolitana. Número de localización: t.1 (18402, 17875); t.2 (18403)
LEADER 00688nam a2200169Ia 4500
008 150723s9999 xx 000 0 und d
041 0 |a spa 
050 0 |a PAFX BV4207 A7 
100 1 |a Armaña, Francisco, arz. 
245 1 0 |a Sermones del Ilustrisimo Señor D. Fr. Francisco Armañá obispo que fuè de Lugo actual arzobispo de Tarragona 
260 |a Tarragona : en la imprenta de Pedro Canals, 1796. 
300 |a 2 t. ; 4° 
500 |a Sello en tinta: Biblioteca de la Universidad Católica Angelopolitana. Número de localización: t.1 (18402, 17875); t.2 (18403) 
650 1 0 |a Homilética 
942 |c PALALIB 
943 |g Biblioteca Palafoxiana. Colección bibliográfica 
999 |c 1052907  |d 1052907